Dark Souls 1 Locations - Statistics

General Stats
  • This quiz has been taken 386 times
  • The average score is 21 of 30
Answer Stats
Area Boss/Hint Answer % Correct
Central Hub Location Firelink Shrine
95%
Taurus Demon Undead Burg
95%
Dragonslayer Ornstein and Executioner Smough/Dark Sun Gwyndolin Anor Londo
94%
Asylum Demon/Stray Demon Northern Undead Asylum
93%
Wooden platforming area with a poison swamp at the base Blighttown
92%
Iron Golem Sen's Fortress
92%
Gaping Dragon Depths
85%
Bell Gargoyles Undead Parish
85%
Pinwheel The Catacombs
84%
Chaos Witch Quelaag Quelaag's Domain
83%
Capra Demon Lower Undead Burg
80%
Seath the Scaleless Crystal Cave
79%
The Bed of Chaos Lost Izalith
78%
Crossbreed Priscilla Painted World of Ariamis
77%
Moonlight Butterfly/Great Grey Wolf Sif Darkroot Garden
76%
The Path of the Dragon Covenant can be joined here Ash Lake
75%
Four Kings New Londo Ruins
75%
Seath the Scaleless (unkillable) The Duke's Archives
75%
Gwyn, Lord of Cinder Kiln of the First Flame
74%
Ceaseless Discharge/Demon Firesage/Centipede Demon Demon Ruins
73%
Small blue dragons live here, just outside the below answer The Valley of the Drakes
69%
Platforming area inside a big tree, with basilisks and mushrooms Great Hollow
68%
A Hydra and a Golden Crystal Golem guard access to the DLC areas Darkroot Basin
66%
Gravelord Nito Tomb of Giants
58%
Sanctuary Guardian Sanctuary Garden
52%
Marvelous Chester may invade you here Oolacile Township
49%
Manus, Father of the Abyss Chasm of the Abyss
39%
Knight Artorias the Abysswalker/Black Dragon Kalameet Royal Wood
37%
Elizabeth the Mushroom resides here Oolacile Sanctuary
34%
PvP area consisting of 2 arenas Battle of Stoicism
15%
No matching quizzes found
Score Distribution
Percent of People with Each Score
Percentile by Number Answered
Your Score History
You have not taken this quiz